[Event "Politiken Cup 27th"]
[Site "Copenhagen"]
[Date "2005.07.19"]
[Round "5"]
[White "Ferreiro Calvo, Manuel"]
[Black "Rasmussen, Henning"]
[Result "1-0"]
[WhiteElo "2064"]
[BlackElo "2172"]
[PlyCount "137"]
[EventDate "2005.07.16"]
[EventType "swiss"]
[EventRounds "10"]
[EventCountry "DEN"]
[SourceTitle "CBM 107 Extra"]
[Source "ChessBase"]
[SourceDate "2005.09.01"]
[SourceVersion "1"]
[SourceVersionDate "2005.09.01"]
[SourceQuality "1"]

1. d4 Nf6 2. c4 d6 3. Nf3 Nbd7 4. Nc3 e5 5. g3 g6 6. Bg2 Bg7 7. 0-0 0-0 8. h3 c6 9. e4 Re8 10. Re1 Qc7 11. Rb1 a6 12. a4 Nf8 13. b4 b6 14. Qb3 c5 15. bxc5 bxc5 16. d5 Bd7 17. Bd2 Rab8 18. Qc2 Rec8 19. Bf1 Ne8 20. Kh2 Rxb1 21. Rxb1 Rb8 22. Rxb8 Qxb8 23. a5 Bf6 24. Qb1 Qxb1 25. Nxb1 Bd8 26. Bc3 f5 27. Nbd2 Nf6 28. Bd3 fxe4 29. Nxe4 Nxe4 30. Bxe4 Ba4 31. Kg2 Nd7 32. Bd3 Kf7 33. Nd2 Nf6 34. f3 Ng8 35. Ne4 Be7 36. Bd2 h6 37. Kf2 g5 38. g4 Bd7 39. Ng3 Bd8 40. Nf5 Be7 41. Bc2 Bf8 42. Kg3 Be7 43. Be1 Kf8 44. h4 gxh4+ 45. Kh3 Kf7 46. Bd2 Bxf5 47. Bxf5 Bg5 48. Be1 Ke8 49. Bc8 Ne7 50. Bxa6 Ng6 51. Bb7 Bd8 52. Bc6+ Kf7 53. Bd2 Nf4+ 54. Bxf4 exf4 55. a6 Bb6 56. Kxh4 Kg7 57. Kh5 Ba7 58. Bd7 Bb6 59. Be6 Ba7 60. g5 hxg5 61. Kxg5 Bb6 62. Kxf4 Kf6 63. Ke4 Ba7 64. f4 Bb6 65. Bg4 Ba7 66. Kd3 Ke7 67. Kc3 Kd8 68. Kb3 Kc7 69. f5 1-0

[Event "Politiken Cup 27th"]
[Site "Copenhagen"]
[Date "2005.07.18"]
[Round "4"]
[White "Rasmussen, Henning"]
[Black "Jonsson, Krister"]
[Result "1/2-1/2"]
[WhiteElo "2172"]
[BlackElo "2124"]
[PlyCount "71"]
[EventDate "2005.07.16"]
[EventType "swiss"]
[EventRounds "10"]
[EventCountry "DEN"]
[SourceTitle "CBM 107 Extra"]
[Source "ChessBase"]
[SourceDate "2005.09.01"]
[SourceVersion "1"]
[SourceVersionDate "2005.09.01"]
[SourceQuality "1"]

1. d4 d5 2. Nf3 Nf6 3. c4 c6 4. e3 e6 5. Nc3 Nbd7 6. Bd3 dxc4 7. Bxc4 b5 8. Bd3 Bb7 9. 0-0 a6 10. a3 c5 11. Qe2 Qb6 12. Bd2 Be7 13. Rac1 0-0 14. Rfd1 Rfd8 15. dxc5 Nxc5 16. Bc2 Nce4 17. Nxe4 Nxe4 18. Bxe4 Bxe4 19. Bc3 Qb7 20. Rxd8+ Rxd8 21. Rd1 Rd5 22. Rxd5 Qxd5 23. Ne1 Bc5 24. Qd2 Qxd2 25. Bxd2 Kf8 26. f3 Bb1 27. Kf2 Ke7 28. Bc3 g6 29. Ke2 Kd6 30. Nd3 Bb6 31. e4 Ba2 32. Bb4+ Kc7 33. Bc5 Bc4 34. Bxb6+ Kxb6 35. b4 Kc6 36. Ke3 1/2-1/2

[Event "Politiken Cup 26th"]
[Site "Copenhagen"]
[Date "2004.08.01"]
[Round "10"]
[White "Rasmussen, Henning"]
[Black "Buchkremer, Felix"]
[Result "0-1"]
[WhiteElo "2150"]
[BlackElo "2046"]
[PlyCount "60"]
[EventDate "2004.07.24"]
[EventType "swiss"]
[EventRounds "10"]
[EventCountry "DEN"]
[SourceTitle "CBM 101 Extra"]
[Source "ChessBase"]
[SourceDate "2004.09.01"]
[SourceVersion "2"]
[SourceVersionDate "2004.09.01"]
[SourceQuality "1"]

1. d4 f5 2. e4 fxe4 3. Nc3 Nf6 4. Bg5 Nc6 5. d5 Ne5 6. Qd4 Nf7 7. Bxf6 exf6 8. Nxe4 f5 9. Ng3 g6 10. 0-0-0 Bh6+ 11. Kb1 0-0 12. h4 Bg7 13. Qd2 b5 14. c3 Qf6 15. f4 h5 16. Nf3 Rb8 17. Ng5 Rb6 18. Nxf7 Qxf7 19. Be2 Bb7 20. Bf3 a5 21. Ne2 Rd6 22. Rhe1 c5 23. Nc1 Rc8 24. g3 c4 25. Qg2 b4 26. cxb4 c3 27. bxc3 Bxc3 28. Re6 dxe6 29. dxe6 Qc7 30. Rxd6 Bxf3 0-1